| 000 | 00959cab a2200205 4500 | ||
|---|---|---|---|
| 001 | ##L132421 | ||
| 008 | 060206n2006 000 0 eng u | ||
| 035 | _a(Sirsi) u132421 | ||
| 041 | 0 | _aeng | |
| 100 | 1 | _aBowles, John | |
| 245 | 0 | 0 | _aDon't let PGS be too taxing |
| 260 | _c2006 | ||
| 490 | 0 |
_aEstates Gazette _v(0604) 28 January 2006, 164(1) |
|
| 520 | _aProvides a concise summary of the proposals in the Planning Gain Supplement consultation (L132415) and outlines the contents of the draft PPS3 on housing (L131853). Key points raised are that a PGS will impose a 20% charge on the uplift in land value generated by the grant of planning permission and that the draft PPS3 will be more responsive to housing demand and affordability. | ||
| 590 | _aIKA140206 | ||
| 650 | 2 | 4 | _aPLANNING GAIN SUPPLEMENT |
| 650 | 2 | 4 | _aPLANNING POLICY STATEMENT 3 |
| 690 | _aENVIRONMENTAL AND LAND CONSULTANCY-PLANNING AND DEVELOPMENT-PLANNING REFORM | ||
| 942 | _n0 | ||
| 999 |
_c76431 _d76431 |
||